| 000 | 01955nam a22002177a 4500 | ||
|---|---|---|---|
| 003 | BJBSDDR | ||
| 005 | 20260303155132.0 | ||
| 007 | ta | ||
| 008 | 260303s2023 fr ||||| |||| 00| 0 fre d | ||
| 020 | _a9791023107883 | ||
| 040 |
_bspa _cBJBSDDR |
||
| 041 | _afre | ||
| 050 | _bC617 2024 | ||
| 100 | 1 |
_aClaval, Paul, _d1932- _935118 |
|
| 245 | 1 | 0 |
_aPenser politiquement le monde : _bessai sur les configurations spatiales du pouvoir / _cPaul Claval |
| 260 |
_aParis : _bSorbonne Université Presses, _c2024 |
||
| 300 |
_a 357 pages ; _c24 cm |
||
| 520 | _a Où peut-on se tourner pour comprendre un monde où les tensions internationales se multiplient et où le populisme ronge les plus solides démocraties? Les travaux de géopolitique critique ne seront d'aucun secours. Conçus pour dénoncer les hypocrisies des démocraties libérales d'il y a quarante ou cinquante ans, ils sont désarmés face à la montée de la violence et des fake news. Pour éclairer un monde secoué de tensions et où les haines se propagent de plus en plus, il faut retourner aux fondements de l'analyse politique, à la diversité des formes que prend le pouvoir, à la manière dont il est affecté par l'éloignement et à ce qui lui permet de rassembler les hommes. Qu'est-ce qui faisait la puissance de l'État westphalien et de son système international de négociations paritaires? Qu'est-ce qui les mine aujourd'hui et incite un nombre croissant de pays à recourir à la force brutale, plutôt qu'à la négociation et à l'échange? Dans le déclenchement des conflits actuels, quelle est la part des arsenaux nucléaires, des formes nouvelles de la guerre et des systèmes idéologiques ou religieux figés? Aboutissement d'une réflexion entamée en 1978 dans Espace et Pouvoir, cet essai s'appuie sur les fondamentaux de l'analyse politique pour offrir une interprétation lucide des drames du monde actuel. | ||
| 942 |
_2lcc _n0 _cBK |
||
| 946 | _icmc | ||
| 999 |
_c126511 _d126511 |
||